| 000 | 00870nam a2200229 a 4500 | ||
|---|---|---|---|
| 001 | 63088 | ||
| 003 | BD-RjUL | ||
| 005 | 20211209081146.0 | ||
| 008 | 170128s1968 ii ||||| b||| 00| 0 ben d | ||
| 035 | _a(BD-RjUL)63216 | ||
| 040 |
_aBD-RjUL _bben _cBD-RjUL _dBD-RjUL |
||
| 041 | _aben | ||
| 082 |
_223 _a792.80954 _bRAN 1968 |
||
| 100 |
_aরায়চৌধুরী, মঞ্জুলিকা _9170412 |
||
| 245 | 1 | 0 |
_aনৃত্যে-ভারত / _cমঞ্জুলিকা রায়চৌধুরী |
| 260 |
_aকলিকাতা : _bরবি রায় চৌধুরী, _c১৯৬৮ |
||
| 300 |
_a৩৮৫ পৃ. : _bচিত্র ; _c২৩ সেমি. |
||
| 504 | _aগ্রন্থপঞ্জি সংযুক্ত | ||
| 650 |
_aনৃত্য _9182715 _zভারত |
||
| 650 |
_aDance _9187647 _zIndia |
||
| 942 |
_2ddc _cBK |
||
| 999 |
_c63088 _d63088 |
||